000 00496nam a2200121Ia 4500
008 220615s9999||||xx |||||||||||||| ||und||
100 _aTakashiro Akitsu
245 0 _aDescriptive Inorganic Chemistry Researches of Metal Compounds
546 _aEnglish[eng]
650 _aPhysical Sciences||Engineering and Technology||Chemistry||Bioinorganic Chemistry||Inorganic Chemistry
856 _uhttps://www.intechopen.com/books/descriptive-inorganic-chemistry-researches-of-metal-compounds
942 _cEB
999 _c14200
_d14200